The terms of political discourse / (Record no. 2905)

000 -LEADER
fixed length control field 00747nam a2200265 a 4500
001 - CONTROL NUMBER
control field 2856992
003 - CONTROL NUMBER IDENTIFIER
control field OSt
005 - DATE AND TIME OF LATEST TRANSACTION
control field 20160823161820.0
008 - FIXED-LENGTH DATA ELEMENTS--GENERAL INFORMATION
fixed length control field 840503s1983 enk b 001 0 eng c
010 ## - LIBRARY OF CONGRESS CONTROL NUMBER
LC control number 84672677
020 ## - INTERNATIONAL STANDARD BOOK NUMBER
International Standard Book Number 0855206004 :
Terms of availability £16.50
020 ## - INTERNATIONAL STANDARD BOOK NUMBER
International Standard Book Number 0855206012 (pbk.)
040 ## - CATALOGING SOURCE
Original cataloging agency MH
Transcribing agency MH
Modifying agency DLC
050 14 - LIBRARY OF CONGRESS CALL NUMBER
Classification number JA74.C66x 1983
100 1# - MAIN ENTRY--PERSONAL NAME
Personal name Connolly, William E.
245 14 - TITLE STATEMENT
Title The terms of political discourse /
Statement of responsibility, etc William E. Connolly.
250 ## - EDITION STATEMENT
Edition statement 2nd ed.
260 ## - PUBLICATION, DISTRIBUTION, ETC. (IMPRINT)
Place of publication, distribution, etc Oxford :
Name of publisher, distributor, etc M. Robertson,
Date of publication, distribution, etc 1983.
300 ## - PHYSICAL DESCRIPTION
Extent 257 p. ;
Dimensions 23 cm.
500 ## - GENERAL NOTE
General note Includes index.
504 ## - BIBLIOGRAPHY, ETC. NOTE
Bibliography, etc Bibliography: p. 248-252.
650 #0 - SUBJECT ADDED ENTRY--TOPICAL TERM
Topical term or geographic name as entry element Political science
General subdivision Philosophy.
906 ## - LOCAL DATA ELEMENT F, LDF (RLIN)
a 7
b cbc
c orignew
d u
e ncip
f 19
g y-gencatlg
942 ## - ADDED ENTRY ELEMENTS (KOHA)
Source of classification or shelving scheme
Koha item type Book
Holdings
Withdrawn status Lost status Source of classification or shelving scheme Damaged status Not for loan Home library Current library Shelving location Date acquired Total Checkouts Full call number Barcode Date last seen Date checked out Copy number Price effective from Koha item type
          Riara University Library Riara University Library General stack 23/08/2016 2 JA74.C66x 1983 7177/16 29/10/2018 12/10/2018 C.1 23/08/2016 Book

Riara University Library,
P.O. Box 49940-00100,
Nairobi, Kenya.